000 01782nam a2200373 a 4500
999 _c461351
_d461351
003 BLK
005 20250710111510.0
008 180412b bul rap|r|||| r0| ||bulo|
020 _a3800083830061
020 _a9786191996759
040 _aBLK
041 _aBUL
_cBUL
080 _aМузика
_b78
_x(02.053.2)
_z78(02.053.2)
100 _aФлинт, Кати
_eпърви автор
_9402515
139 _aФлинт, Кати
_bК 87
245 1 0 _aКарнавал на животните
_bВесела музикална фантазия, разказана от оркестър
_cтекст Кати Флинт ; ил. Джесика Кортни-Тикъл ; прев. Екатерина Иванова
257 _aBGR
260 _aСофия
_bФют
_c2021
_9209475
_n978-619-199- ; 978-954-625-
_f(Китай)
300 _a22 с.
_bс цв. ил.
_c28 x 31 см
380 _aDN
500 _aКор. опис. Ориг. загл.: The story orchestra: Carnival of the Animals / Katy Flint Възприетата форма на името на прев. Екатерина Иванова е Екатерина Иванова Латева предшно име на авт. Kати Котън Нестандартно оформление: с муз. кутия
650 7 _aМузика
_9162855
653 _aмузика
700 _aКортни-Тикъл, Джесика
_eил.
_9599
700 _aИванова, Екатерина
_eпрев. от англ.
_91021
852 _bД
_c78/К 87 К
852 _aЦб ІІ 31332
_bЦб
856 4 _qpdf
_u
_i0.00
_ldisable
856 4 _qpdf
_u
_i0.00
_ldisable
942 _cKNG
_n0
_s1
_045
944 _c2022-06-15
_k30551
_lБояна Костадинова
999 _d461351
999 _d461351